World Languages - Sudden Death - Statistics

General Stats
  • This quiz has been taken 485 times
  • The average score is 6 of 16
Answers on the Grid
Answers color-coded by a green-red scale on the quiz's grid according to % correct below.
Martian
Xhosa
English
Irish
Scottish
African
Arabic
Romanian
Greek
Brazilian
Barbadian
Panamanian
Togolese
Igbo
Hindu
Swedish
Belgian
Taiwanese
Māori
Bambara
Tagalog
Dothraki
Romansh
Celtic
Hawai'ian
Mexican
Luxembourgish
Pakistani
Lao
Austrian
Somali
Ealing
 
Answer Stats
Answer % Correct
Arabic
59%
English
58%
Greek
53%
Swedish
47%
Romanian
38%
Tagalog
37%
Igbo
33%
Irish
33%
Māori
32%
Luxembourgish
30%
Xhosa
30%
Romansh
28%
Lao
26%
Somali
25%
Hawai'ian
20%
Bambara
12%
No matching quizzes found
Score Distribution
Percent of People with Each Score
Percentile by Number Answered
Your Score History
You have not taken this quiz